| 000 | 00635nam a2200205 i 4500 | ||
|---|---|---|---|
| 001 | 185852 | ||
| 003 | ES-MaACL | ||
| 005 | 20230906222530.0 | ||
| 008 | 160816s1969 sp |||| | baq d | ||
| 080 | _a821.361-14"19"(082.2) | ||
| 245 | 0 | 0 |
_aUdaberri / _c[zuzendari, Aita Onaindia]. |
| 260 |
_aBilbao : _b[s.n.], _c1969 ( _fGraf. Bilbao) |
||
| 300 |
_a130 p. ; _c18 cm. |
||
| 490 | 1 |
_aColección Olerti, 1969 ; _v1-2 |
|
| 650 | 0 | 4 |
_aPoesías vascas- _yS.XX. _916251 |
| 700 | 1 |
_aOnaindia _c, Aita ( _d1909-1996) _987048 |
|
| 830 | 0 |
_aColección Olerti, 1969 ; _v1-2 _9225293 |
|
| 852 |
_aES-MaACL _jE-5092 |
||
| 999 |
_c185852 _d185852 |
||